Sanat: "Laulu Dnjeprille" - Reino Helismaa - Statistics

Yleistilastot
  • Tätä visaa on pelattu 12 kertaa
  • Keskiarvotulos 57 / 84
Vastaustilastot
Vastaus % Oikein
Dnjepri
100%
Dnjepriin
100%
Dnjepriin
100%
Dnjepriin,
100%
Dnjeprin
100%
en
100%
ennen
100%
katson
100%
katson
100%
katson
100%
kerran
100%
kerran
100%
kerran
100%
kerran
100%
kuin
100%
lähden
100%
pois.
100%
täältä
100%
ei
83%
ei
83%
ei
83%
ei.
83%
kuole
83%
milloinkaan.
83%
Rannoilla
83%
sain
83%
vain,
83%
vain
83%
armaani
67%
armaani
67%
harhaako
67%
kohdata
67%
nyt
67%
nyt
67%
nyt
67%
nyt
67%
on
67%
on.
67%
on
67%
On
67%
saan.
67%
se
67%
sen
67%
syyttää
67%
syyttää
67%
toukokuun.
67%
välke
67%
Viimeisen
67%
Viimeisen
67%
Viimeisen
67%
virta
67%
virtaa
67%
vois
67%
yössä
67%
hurma
50%
ihmeellisten,
50%
Jäljellä
50%
Joskaan
50%
kauaksi
50%
kellastuu
50%
kuolematon
50%
lehdet,
50%
lempi
50%
liene
50%
mistään
50%
muistoni
50%
ois.
50%
poissa
50%
siitä
50%
Siksi
50%
soi
50%
syksy
50%
tieni
50%
vaikka
50%
vei.
50%
itseäin
33%
kerro
33%
laulu
33%
luo
33%
öitten
33%
onnellinen,
33%
riemusta
33%
vievä
33%
toisen
17%
Ehtoja vastaavia visoja ei löytynyt
Tulosjakauma
Jokaisen tuloksen saaneiden osuus
Persentiili vastausten määrän mukaan
Tuloshistoriasi
Et ole pelannut tätä visaa